| 000 | 00590nam a22001937a 4500 | ||
|---|---|---|---|
| 005 | 20180620102305.0 | ||
| 010 | _aENG-123253 | ||
| 020 |
_a9789352535279 _c365.00 |
||
| 035 | _aEN-106785 | ||
| 037 | _bDBAD/PUB | ||
| 082 | _a580 | ||
| 100 | _aPandey, B P | ||
| 245 |
_aBotany for degree students: _cby B P Pandey _bbiodiversity / |
||
| 260 |
_aNew Delhi _bS. Chand _c2018 |
||
| 270 |
_a7361, Ram Nagar, _bNew Delhi _e110055 |
||
| 300 |
_a169p. _c23cm(pbk) _bill. |
||
| 500 | _aB Sc Semester I as per UGC Choice Based Credit System (CBCS) | ||
| 942 |
_2ddc _cEN _mPAN _h580 |
||
| 999 |
_c152841 _d152841 |
||